000 00751nam a22002537a 4500
003 dpl
005 20180604131436.0
008 180604b xxu||||| |||| 00| 0 eng d
010 _aA-895721
020 _c00.00
035 _aA-895721, A-895723
037 _aCen Lib/Ret
040 _aDPL
_bEN
_c0
082 _a155.91
_bPER
245 _aPerspectives on environment and behaviour /
_cedited by Uday Jain
260 _aNew Delhi
_bHar anand publications
_c1997
270 _a364-A, Chirag Delhi
_bNew Delhi
_e110017
300 _a196p.
_c22cm(Hb)
500 _aIncludes Index
650 _aPsychology
_932731
650 _aEnvironmental behaviour
_932732
700 _aJain, Uday
_932733
942 _2ddc
_cEN
_h155.914
_mPER
999 _c131770
_d131770